<?xml version="1.0" encoding="UTF-8"?>
<record
    xmlns:xsi="http://www.w3.org/2001/XMLSchema-instance"
    xsi:schemaLocation="http://www.loc.gov/MARC21/slim http://www.loc.gov/standards/marcxml/schema/MARC21slim.xsd"
    xmlns="http://www.loc.gov/MARC21/slim">

  <leader>00554nam a22001577a 4500</leader>
  <controlfield tag="008">230531b        |||||||| |||| 00| 0 eng d</controlfield>
  <datafield tag="040" ind1=" " ind2=" ">
    <subfield code="a">National Science Library</subfield>
    <subfield code="c">National Science Library</subfield>
  </datafield>
  <datafield tag="080" ind1=" " ind2=" ">
    <subfield code="a">622.2(082.2)</subfield>
    <subfield code="b">M4.1</subfield>
  </datafield>
  <datafield tag="245" ind1=" " ind2=" ">
    <subfield code="a">Optimal exploitation of solid mineral resources challenges and constraints</subfield>
    <subfield code="c">/ World Mining Congress</subfield>
  </datafield>
  <datafield tag="260" ind1=" " ind2=" ">
    <subfield code="8">New York: </subfield>
    <subfield code="a">World Mining Congress, </subfield>
    <subfield code="b">1984</subfield>
  </datafield>
  <datafield tag="300" ind1=" " ind2=" ">
    <subfield code="a">204p.</subfield>
  </datafield>
  <datafield tag="500" ind1=" " ind2=" ">
    <subfield code="a">Vol. 1; 204p.
Vol. 2; 208p.
Vol. 3; 223p.
Vol. 4; 210p.</subfield>
  </datafield>
  <datafield tag="650" ind1=" " ind2=" ">
    <subfield code="a">Science</subfield>
  </datafield>
  <datafield tag="653" ind1=" " ind2=" ">
    <subfield code="a">Research</subfield>
  </datafield>
  <datafield tag="942" ind1=" " ind2=" ">
    <subfield code="2">udc</subfield>
    <subfield code="c">BK</subfield>
  </datafield>
  <datafield tag="999" ind1=" " ind2=" ">
    <subfield code="c">37445</subfield>
    <subfield code="d">37445</subfield>
  </datafield>
  <datafield tag="952" ind1=" " ind2=" ">
    <subfield code="0">0</subfield>
    <subfield code="1">0</subfield>
    <subfield code="2">udc</subfield>
    <subfield code="4">0</subfield>
    <subfield code="6">I_62220822_M41</subfield>
    <subfield code="7">0</subfield>
    <subfield code="9">56712</subfield>
    <subfield code="a">NSL</subfield>
    <subfield code="b">NSL</subfield>
    <subfield code="c">GF/Rk-12/C-22/R-3</subfield>
    <subfield code="d">1985-07-17</subfield>
    <subfield code="h">Vol. 1; 204p.</subfield>
    <subfield code="l">0</subfield>
    <subfield code="o">I 622.2(082.2) M4.1</subfield>
    <subfield code="p">105672</subfield>
    <subfield code="r">2023-05-31 00:00:00</subfield>
    <subfield code="w">1985-07-17</subfield>
    <subfield code="y">BK</subfield>
  </datafield>
  <datafield tag="952" ind1=" " ind2=" ">
    <subfield code="0">0</subfield>
    <subfield code="1">0</subfield>
    <subfield code="2">udc</subfield>
    <subfield code="4">0</subfield>
    <subfield code="6">I_62220822_M42</subfield>
    <subfield code="7">0</subfield>
    <subfield code="9">56714</subfield>
    <subfield code="a">NSL</subfield>
    <subfield code="b">NSL</subfield>
    <subfield code="c">GF/Rk-12/C-22/R-3</subfield>
    <subfield code="d">1985-07-17</subfield>
    <subfield code="h">Vol. 2; 208p.</subfield>
    <subfield code="l">0</subfield>
    <subfield code="o">I 622.2(082.2) M4.2</subfield>
    <subfield code="p">105673</subfield>
    <subfield code="r">2023-05-31 00:00:00</subfield>
    <subfield code="w">1985-07-17</subfield>
    <subfield code="y">BK</subfield>
  </datafield>
  <datafield tag="952" ind1=" " ind2=" ">
    <subfield code="0">0</subfield>
    <subfield code="1">0</subfield>
    <subfield code="2">udc</subfield>
    <subfield code="4">0</subfield>
    <subfield code="6">I_62220822_M43</subfield>
    <subfield code="7">0</subfield>
    <subfield code="9">56719</subfield>
    <subfield code="a">NSL</subfield>
    <subfield code="b">NSL</subfield>
    <subfield code="c">GF/Rk-12/C-22/R-3</subfield>
    <subfield code="d">1985-07-17</subfield>
    <subfield code="h">Vol. 3; 223p.</subfield>
    <subfield code="l">0</subfield>
    <subfield code="o">I 622.2(082.2) M4.3</subfield>
    <subfield code="p">105674</subfield>
    <subfield code="r">2023-05-31 00:00:00</subfield>
    <subfield code="w">1985-07-17</subfield>
    <subfield code="y">BK</subfield>
  </datafield>
  <datafield tag="952" ind1=" " ind2=" ">
    <subfield code="0">0</subfield>
    <subfield code="1">0</subfield>
    <subfield code="2">udc</subfield>
    <subfield code="4">0</subfield>
    <subfield code="6">I_62220822_M43</subfield>
    <subfield code="7">0</subfield>
    <subfield code="9">56721</subfield>
    <subfield code="a">NSL</subfield>
    <subfield code="b">NSL</subfield>
    <subfield code="c">GF/Rk-12/C-22/R-3</subfield>
    <subfield code="d">1985-07-17</subfield>
    <subfield code="h">Vol. 3; 223p.</subfield>
    <subfield code="l">0</subfield>
    <subfield code="o">I 622.2(082.2) M4.3</subfield>
    <subfield code="p">105675</subfield>
    <subfield code="r">2023-05-31 00:00:00</subfield>
    <subfield code="w">1985-07-17</subfield>
    <subfield code="y">BK</subfield>
  </datafield>
</record>
